=LDR 00000nam 2200000 4500 =001 INLIS000000000053143 =005 20200907080826 =035 ##$$a 0010-0418000034 =007 ta =008 200907################g##########0#ind## =082 ##$$a 2x9.2 =084 ##$$a 2x9.2 ARR h =100 #$$a Arroisi, Abdurrahman =245 1#$$a Hikmah ketulusan /$c KH. Abdurrahman Arroisi =260 ##$$a Bandung :$b Remaja Rosdakarya,$c 1990 =300 ##$$a 192 hlm. ; $c 11 x 17 cm =990 ##$$a 1.355/ pro.91